000 00563nam a2200193Ia 4500
005 20250508165322.0
008 008 250505s9999 xx 000 0 eng d
037 _aDissertations
040 _aFEDL
_beng
_cFEDL
041 _aeng
_2eng
084 _a510, CHA/DI
_qFEDL
100 _aCharu Bharat
_9780487
245 0 _aMeta- analysis of the studies on gender and mathematics
260 _c2013
300 _a120p.
546 _aM.Ed. Dissertation, (Delhi University); C D included
942 _cDIS
_h510, CHA/DI
999 _c1394427
_d1394427